| 000 | 00513nam a2200169 i 4500 | ||
|---|---|---|---|
| 001 | 30888 | ||
| 003 | ES-MaACL | ||
| 005 | 20230906154254.0 | ||
| 007 | t| | ||
| 008 | 030127q1884 sp ||||1| spa d | ||
| 100 | 1 |
_aBazán, José L. _926732 |
|
| 245 | 1 | 1 |
_a[Poesía _b: una excursión al monte Parnaso / _cJosé L. Bazán]. |
| 260 |
_a[S.l. : _bs.n., _c1884?] |
||
| 300 |
_a17 p. ; _c22 cm. |
||
| 594 | _aDatos tomados del principio y final del texto. | ||
| 852 |
_aES-MaACL _jT-381-F-4 _q.- Ejemplar sin portada |
||
| 999 |
_c30888 _d30888 |
||